000 00265nam a2200097 a 4500
005 20140414132003.0
008 110216s19uu xx 00 eng d
050 _aTR 790.1
_bC43 2004
245 _aA child's first library of learning activity book 5.
999 _c113121
_d113121